=LDR 00000nam 2200000 4500 =001 NUTBA000000000002232 =005 20140609170438.0 =006 =007 =008 =020 ##$$a 978-979-22-6254-4 =035 ##$$a 0010-061400000000175 =040 ##$$a NBPDMAT =082 ##$$a 650.73 =090 ##$$a 650.73$bIra s =100 ##$$a Irawan, Cyltamia =245 ##$$a Secangkir kopi untuk sahabat customer$cCyltamia Irawan =260 ##$$a Jakarta$bGramedia Pustaka Utama$c2010. =300 ##$$a v,485 hlm.$bilus.$c21 cm. =650 ##$$a Konsumen =850 ##$$a NBPDMAT =990 ##$$a 21110989 =990 ##$$a 21400613/BPAP-NTB/20142014 =990 ##$$a 21400613/BPAP-NTB/20142014